[Event "Scarborough CC Fall Swiss"]
[Site "Toronto CAN"]
[Date "2007.11.15"]
[Round "3"]
[White "Muir, Tom"]
[Black "Paterson, Jim"]
[Result "0-1"]
[WhiteElo "1685"]
[BlackElo "1850"]
[PlyCount "98"]
[GameId "2160767910574548"]
[EventDate "2007.11.01"]
[EventType "swiss"]
[EventRounds "7"]
[EventCountry "CAN"]
[SourceTitle "EXT 2022"]
[Source "ChessBase"]
[SourceDate "2021.10.06"]
[SourceVersion "1"]
[SourceVersionDate "2021.10.06"]
[SourceQuality "1"]

1. d4 Nf6 2. c4 e5 3. dxe5 Ng4 4. Nf3 Nc6 5. Qd5 Bb4+ 6. Nc3 Qe7 7. Bg5 Bxc3+ 8. bxc3 Qa3 9. Rc1 Qxa2 10. h3 Nh6 11. Bxh6 gxh6 12. e3 Qb2 13. Qd2 Qxd2+ 14. Kxd2 b6 15. Bd3 Ba6 16. Ra1 Na5 17. Ra4 O-O-O 18. Rb1 Rhg8 19. g4 h5 20. g5 Bb7 21. e4 d6 22. Ke3 Rge8 23. exd6 cxd6 24. Nd4 Kb8 25. Rba1 Re5 26. h4 Rde8 27. f3 d5 28. cxd5 Rxd5 29. Kf4 Rc5 30. c4 Rd8 31. Ke3 Rxd4 32. Kxd4 Nb3+ 33. Kc3 Nxa1 34. Rxa1 Bc8 35. f4 Be6 36. f5 Bxc4 37. Bxc4 b5 38. Kb4 Rxc4+ 39. Kxb5 Rxe4 40. Rd1 Rxh4 41. Rd7 Rg4 42. Rxf7 Rxg5 43. Ka6 h6 44. Rf8+ Kc7 45. Kxa7 Kd7 46. Rf7+ Ke8 47. Rf6 Ke7 48. Rxh6 Rxf5 49. Kb6 Rf6+ 0-1

[Event "Scarborough CC Fall Swiss"]
[Site "Toronto CAN"]
[Date "2007.11.15"]
[Round "3"]
[White "Rutherdale, William"]
[Black "Armstrong, Robert J"]
[Result "0-1"]
[WhiteElo "1820"]
[BlackElo "1818"]
[PlyCount "112"]
[GameId "2160767910574549"]
[EventDate "2007.11.01"]
[EventType "swiss"]
[EventRounds "7"]
[EventCountry "CAN"]
[SourceTitle "EXT 2022"]
[Source "ChessBase"]
[SourceDate "2021.10.06"]
[SourceVersion "1"]
[SourceVersionDate "2021.10.06"]
[SourceQuality "1"]

1. d4 g6 2. c4 Bg7 3. Nc3 Nf6 4. g3 O-O 5. Bg2 d6 6. e4 Nbd7 7. Be3 c5 8. Nh3 cxd4 9. Bxd4 Nc5 10. Nf4 e5 11. Bxc5 dxc5 12. Nfd5 a6 13. O-O Rb8 14. a4 b6 15. Qc2 Nxd5 16. Nxd5 Be6 17. Rad1 Bxd5 18. exd5 Qd6 19. Rfe1 f5 20. Qe2 Rbe8 21. Qd2 f4 22. Be4 Re7 23. Qd3 fxg3 24. hxg3 Qf6 25. Re2 Rd7 26. Kg2 Rd6 27. Rh1 Qg5 28. Qe3 Qg4 29. Rh4 Qd7 30. Bf3 Qxa4 31. Bg4 Bf6 32. Be6+ Rxe6 33. dxe6 Bxh4 34. gxh4 Qc6+ 35. Kg3 Qxe6 36. Qxe5 Qxc4 37. Rd2 Qf7 38. Qe4 Qc7+ 39. Kg2 Qf7 40. Qc6 Qf6 41. Qe4 Kh8 42. Qb7 b5 43. Qe4 c4 44. Qg4 a5 45. Qe4 Qf4 46. Qxf4 Rxf4 47. h5 Kg7 48. Rd7+ Kh6 49. hxg6 Kxg6 50. Ra7 a4 51. Rb7 Rf5 52. Kg3 a3 53. bxa3 Rc5 54. Re7 c3 55. Re1 c2 56. Rc1 Kf5 0-1

[Event "Scarborough CC Fall Swiss"]
[Site "Toronto CAN"]
[Date "2007.11.15"]
[Round "3"]
[White "Villalobos, Oscar"]
[Black "Wu, Aaron"]
[Result "1-0"]
[WhiteElo "1862"]
[BlackElo "1675"]
[PlyCount "55"]
[GameId "2160767910574550"]
[EventDate "2007.11.01"]
[EventType "swiss"]
[EventRounds "7"]
[EventCountry "CAN"]
[SourceTitle "EXT 2022"]
[Source "ChessBase"]
[SourceDate "2021.10.06"]
[SourceVersion "1"]
[SourceVersionDate "2021.10.06"]
[SourceQuality "1"]

1. d4 Nf6 2. Nf3 g6 3. Nc3 d5 4. Bf4 c6 5. Qd2 Bg7 6. Bh6 O-O 7. h4 Nh5 8. Ne5 f5 9. Bxg7 Kxg7 10. e3 Nd7 11. g4 Nxe5 12. dxe5 fxg4 13. Be2 g3 14. f4 g2 15. Rg1 e6 16. O-O-O Qxh4 17. Rxg2 Ng3 18. Bd3 Nf5 19. Rh2 Qd8 20. Rdh1 Rh8 21. e4 Ne7 22. Qg2 Qb6 23. Qg5 Qc7 24. Qf6+ Kg8 25. Qxh8+ Kxh8 26. Rxh7+ Kg8 27. Rh8+ Kg7 28. R1h7# 1-0

[Event "Scarborough CC Fall Swiss"]
[Site "Toronto CAN"]
[Date "2007.11.22"]
[Round "4"]
[White "London, John"]
[Black "Zeromskis, Egidijus"]
[Result "0-1"]
[WhiteElo "1851"]
[BlackElo "2100"]
[PlyCount "74"]
[GameId "2160767910574551"]
[EventDate "2007.11.01"]
[EventType "swiss"]
[EventRounds "7"]
[EventCountry "CAN"]
[SourceTitle "EXT 2022"]
[Source "ChessBase"]
[SourceDate "2021.10.06"]
[SourceVersion "1"]
[SourceVersionDate "2021.10.06"]
[SourceQuality "1"]

1. Nf3 Nf6 2. c4 g6 3. d4 Bg7 4. Nc3 O-O 5. e4 d6 6. Be2 e5 7. d5 a5 8. h3 Na6 9. Be3 Qe7 10. O-O Nd7 11. Na4 f5 12. exf5 gxf5 13. Bg5 Qf7 14. Bd2 Nac5 15. Ng5 Qf6 16. Be3 h6 17. Nxc5 Nxc5 18. Bxc5 Qxg5 19. Ba3 b6 20. Kh1 Kh8 21. Qd3 f4 22. Qf3 Bf5 23. Qh5 Qf6 24. Qf3 Rae8 25. b4 Bg6 26. Bb2 axb4 27. Qb3 Be4 28. Bh5 Bxg2+ 29. Kxg2 Qg5+ 30. Bg4 h5 31. f3 hxg4 32. fxg4 f3+ 33. Rxf3 Qd2+ 34. Kg3 Rxf3+ 35. Qxf3 Qxb2 36. Qf7 Rf8 37. Qh5+ Kg8 0-1

[Event "Scarborough CC Fall Swiss"]
[Site "Toronto CAN"]
[Date "2007.11.22"]
[Round "4"]
[White "Moran-Venegas, Mario"]
[Black "Manalo, Pepin"]
[Result "1-0"]
[WhiteElo "1723"]
[BlackElo "1837"]
[PlyCount "65"]
[GameId "2160767910574552"]
[EventDate "2007.11.01"]
[EventType "swiss"]
[EventRounds "7"]
[EventCountry "CAN"]
[SourceTitle "EXT 2022"]
[Source "ChessBase"]
[SourceDate "2021.10.06"]
[SourceVersion "1"]
[SourceVersionDate "2021.10.06"]
[SourceQuality "1"]

1. e4 e6 2. d4 b6 3. c4 d5 4. e5 Bb7 5. Nf3 Bb4+ 6. Bd2 Be7 7. Nc3 c5 8. cxd5 exd5 9. Bb5+ Nc6 10. O-O a6 11. Bxc6+ Bxc6 12. Rc1 g5 13. dxc5 bxc5 14. Na4 Bb5 15. Re1 g4 16. Nxc5 gxf3 17. Qxf3 h5 18. Nb7 Qd7 19. Nd6+ Bxd6 20. exd6+ Kf8 21. Rc7 Re8 22. Rxd7 Rxe1+ 23. Bxe1 Bxd7 24. Qxd5 Nf6 25. Qg5 Ng8 26. Qd8+ Be8 27. d7 Nf6 28. Qxf6 Bxd7 29. Bb4+ Kg8 30. Qg5+ Kh7 31. Bc3 f6 32. Bxf6 Rg8 33. Qxh5# 1-0

[Event "Scarborough CC Fall Swiss"]
[Site "Toronto CAN"]
[Date "2007.11.29"]
[Round "5"]
[White "Armstrong, Robert J"]
[Black "London, John"]
[Result "1/2-1/2"]
[WhiteElo "1818"]
[BlackElo "1851"]
[PlyCount "83"]
[GameId "2160767910574553"]
[EventDate "2007.11.01"]
[EventType "swiss"]
[EventRounds "7"]
[EventCountry "CAN"]
[SourceTitle "EXT 2022"]
[Source "ChessBase"]
[SourceDate "2021.10.06"]
[SourceVersion "1"]
[SourceVersionDate "2021.10.06"]
[SourceQuality "1"]

1. d4 Nf6 2. c4 b6 3. Nf3 Bb7 4. e3 e6 5. Bd3 d5 6. O-O Nbd7 7. Nc3 Be7 8. b3 a6 9. Bb2 dxc4 10. bxc4 O-O 11. e4 Bb4 12. e5 Bxc3 13. Bxc3 Ne4 14. Bb2 Ng5 15. Nxg5 Qxg5 16. f3 Qe3+ 17. Kh1 c5 18. Qc2 g6 19. Rae1 Qh6 20. d5 exd5 21. e6 fxe6 22. Rxe6 Rae8 23. Rfe1 Rxe6 24. Rxe6 d4 25. Bxg6 Nf6 26. Bd3 Re8 27. Qe2 Kf7 28. Bf5 Qf8 29. Bc1 Qd6 30. Rxe8 Nxe8 31. Bxh7 Nf6 32. Bf5 Bc6 33. h3 b5 34. Bg5 bxc4 35. Qxc4+ Qd5 36. Qc2 c4 37. Bg6+ Kg7 38. Bxf6+ Kxf6 39. Be4 Qc5 40. Bd3 Bd5 41. Qc1 Ke5 42. Qg5+ 1/2-1/2

[Event "Scarborough CC Fall Swiss"]
[Site "Toronto CAN"]
[Date "2007.11.29"]
[Round "5"]
[White "Ferreira, Alex"]
[Black "Lamb, Bryan"]
[Result "0-1"]
[WhiteElo "2023"]
[BlackElo "2229"]
[PlyCount "68"]
[GameId "2160767910574555"]
[EventDate "2007.11.01"]
[EventType "swiss"]
[EventRounds "7"]
[EventCountry "CAN"]
[SourceTitle "EXT 2022"]
[Source "ChessBase"]
[SourceDate "2021.10.06"]
[SourceVersion "1"]
[SourceVersionDate "2021.10.06"]
[SourceQuality "1"]

1. e4 e6 2. d4 d5 3. Nd2 Nf6 4. e5 Nfd7 5. f4 c5 6. c3 Nc6 7. Ngf3 cxd4 8. cxd4 Qb6 9. Nb3 Be7 10. Bd3 f6 11. Qe2 a5 12. Be3 a4 13. Nc1 Bb4+ 14. Kf2 fxe5 15. fxe5 O-O 16. Kg3 Rxf3+ 17. Qxf3 Nxd4 18. Bxd4 Qxd4 19. Qf4 Qxf4+ 20. Kxf4 Bd2+ 21. Kf3 Nxe5+ 22. Ke2 Bg5 23. b3 a3 24. Bb5 Ra5 25. Bd3 Bd7 26. b4 Ra8 27. Rb1 Rc8 28. b5 Be8 29. h3 Nxd3 30. Nxd3 Rc2+ 31. Kf3 Bh5+ 32. g4 Bg6 33. Rhd1 Be4+ 34. Kg3 Rg2# 0-1

[Event "Scarborough CC Fall Swiss"]
[Site "Toronto CAN"]
[Date "2007.11.29"]
[Round "5"]
[White "Kurkowski, Ken"]
[Black "Rutherdale, William"]
[Result "1/2-1/2"]
[WhiteElo "1758"]
[BlackElo "1820"]
[PlyCount "92"]
[GameId "2160767910574556"]
[EventDate "2007.11.01"]
[EventType "swiss"]
[EventRounds "7"]
[EventCountry "CAN"]
[SourceTitle "EXT 2022"]
[Source "ChessBase"]
[SourceDate "2021.10.06"]
[SourceVersion "1"]
[SourceVersionDate "2021.10.06"]
[SourceQuality "1"]

1. e4 d6 2. d4 Nf6 3. Nc3 g6 4. Be3 Bg7 5. Qd2 Nc6 6. Nf3 Bg4 7. Be2 Bxf3 8. Bxf3 Qd7 9. O-O h6 10. Rfe1 g5 11. h3 O-O-O 12. a4 g4 13. hxg4 Nxg4 14. Bxg4 Qxg4 15. Qe2 Qh4 16. Rad1 Rhg8 17. Qf3 Rdf8 18. Ne2 f5 19. exf5 e6 20. Nf4 Rxf5 21. Qe4 Be5 22. dxe5 dxe5 23. Qc4 Qg4 24. Qxe6+ Kb8 25. Bc1 Rxf4 26. Qxg4 Rfxg4 27. g3 Nd4 28. Kg2 h5 29. c3 Nc6 30. Rd3 h4 31. Kh3 hxg3 32. Rxg3 Rxg3+ 33. fxg3 Kc8 34. g4 Kd7 35. Kg3 Ke6 36. b4 a6 37. g5 Ne7 38. Kg4 c6 39. c4 Ng6 40. Rh1 Rh8 41. Rxh8 Nxh8 42. Kh5 b5 43. cxb5 cxb5 44. axb5 axb5 45. g6 Kf6 46. Bb2 Nxg6 1/2-1/2

[Event "Scarborough CC Fall Swiss"]
[Site "Toronto CAN"]
[Date "2007.11.29"]
[Round "5"]
[White "Morra, Lui"]
[Black "Garel, Rick"]
[Result "1/2-1/2"]
[WhiteElo "1542"]
[BlackElo "1917"]
[PlyCount "57"]
[GameId "2160767910574557"]
[EventDate "2007.11.01"]
[EventType "swiss"]
[EventRounds "7"]
[EventCountry "CAN"]
[SourceTitle "EXT 2022"]
[Source "ChessBase"]
[SourceDate "2021.10.06"]
[SourceVersion "1"]
[SourceVersionDate "2021.10.06"]
[SourceQuality "1"]

1. e4 c5 2. b4 cxb4 3. Bb2 Qc7 4. a3 Nf6 5. e5 Nd5 6. Nf3 e6 7. axb4 Nxb4 8. c3 Nd5 9. c4 Nb6 10. Qb3 Na6 11. d4 Bb4+ 12. Nc3 O-O 13. Bd3 d6 14. exd6 Qxd6 15. O-O Bxc3 16. Bxc3 Nd7 17. Qc2 h6 18. Qb2 Qb6 19. Qd2 Nf6 20. d5 exd5 21. cxd5 Nxd5 22. Bd4 Qb4 23. Qe2 Qe7 24. Qxe7 Nxe7 25. Bxa6 bxa6 26. Bc5 Re8 27. Rfe1 Be6 28. Rxa6 Nd5 29. Rxa7 1/2-1/2

[Event "Scarborough CC Fall Swiss"]
[Site "Toronto CAN"]
[Date "2007.11.29"]
[Round "5"]
[White "Paterson, Jim"]
[Black "Moran-Venegas, Mario"]
[Result "0-1"]
[WhiteElo "1850"]
[BlackElo "1723"]
[PlyCount "82"]
[GameId "2160767910574558"]
[EventDate "2007.11.01"]
[EventType "swiss"]
[EventRounds "7"]
[EventCountry "CAN"]
[SourceTitle "EXT 2022"]
[Source "ChessBase"]
[SourceDate "2021.10.06"]
[SourceVersion "1"]
[SourceVersionDate "2021.10.06"]
[SourceQuality "1"]

1. e3 d5 2. f4 Nf6 3. Nf3 g6 4. c3 Bg7 5. d4 O-O 6. Bd3 b6 7. O-O Ba6 8. b3 Bxd3 9. Qxd3 Nbd7 10. Ba3 c5 11. Nbd2 Rc8 12. Rac1 Rc7 13. Ne5 e6 14. Rfd1 Qa8 15. Nxd7 Nxd7 16. c4 Rfc8 17. Nf3 cxd4 18. exd4 Nf6 19. Bd6 dxc4 20. bxc4 Rc6 21. Be5 Qb7 22. Rc2 Nd5 23. Bxg7 Kxg7 24. Ng5 Nb4 25. Qh3 h6 26. Rb2 Rxc4 27. Nxe6+ fxe6 28. Qxe6 Rc1 29. Rbd2 Rxd1+ 30. Rxd1 Qc7 31. f5 gxf5 32. Qxf5 Rf8 33. Qg4+ Kh8 34. Qg6 Qg7 35. Qb1 Qf6 36. Rd2 Nd5 37. h3 Ne3 38. Qe1 Qf1+ 39. Qxf1 Rxf1+ 40. Kh2 Rd1 41. Re2 Nf1+ 0-1

[Event "Scarborough CC Fall Swiss"]
[Site "Toronto CAN"]
[Date "2007.11.29"]
[Round "5"]
[White "Villalobos, Oscar"]
[Black "Yuan, Yuanling"]
[Result "0-1"]
[WhiteElo "1862"]
[BlackElo "2146"]
[PlyCount "92"]
[GameId "2160767910574559"]
[EventDate "2007.11.01"]
[EventType "swiss"]
[EventRounds "7"]
[EventCountry "CAN"]
[SourceTitle "EXT 2022"]
[Source "ChessBase"]
[SourceDate "2021.10.06"]
[SourceVersion "1"]
[SourceVersionDate "2021.10.06"]
[SourceQuality "1"]

1. d4 Nf6 2. Nf3 g6 3. Nc3 d5 4. Bf4 c6 5. e3 Bf5 6. Be2 Bg7 7. Ne5 Nbd7 8. g4 Be6 9. h4 h5 10. g5 Nh7 11. Bd3 Nxe5 12. Bxe5 Bxe5 13. dxe5 Nf8 14. Ne2 Bg4 15. Qd2 Nd7 16. f4 Nc5 17. Qc3 Nxd3+ 18. cxd3 O-O 19. Nd4 Qd7 20. Rf1 Bh3 21. Rg1 Rac8 22. b4 b6 23. Nb3 Rc7 24. Rc1 Rfc8 25. Qd4 Bg4 26. Kd2 Rd8 27. a4 Qc8 28. a5 Qa6 29. Rc2 Qc8 30. axb6 axb6 31. Qc3 Qa6 32. Ra1 Qc8 33. Qd4 Qb7 34. Rca2 Rb8 35. Ra6 Kh7 36. Qc3 Rbc8 37. Qd4 c5 38. Qb2 c4 39. Ra7 Qxa7 40. Rxa7 Rxa7 41. dxc4 dxc4 42. Nd4 c3+ 43. Qxc3 Ra2+ 44. Kd3 Rxc3+ 45. Kxc3 Ra3+ 46. Kd2 Kg7 0-1

[Event "Scarborough CC Fall Swiss"]
[Site "Toronto CAN"]
[Date "2007.11.29"]
[Round "5"]
[White "Zeromskis, Egidijus"]
[Black "Wu, Aaron"]
[Result "1-0"]
[WhiteElo "2100"]
[BlackElo "1675"]
[PlyCount "145"]
[GameId "2160767910574560"]
[EventDate "2007.11.01"]
[EventType "swiss"]
[EventRounds "7"]
[EventCountry "CAN"]
[SourceTitle "EXT 2022"]
[Source "ChessBase"]
[SourceDate "2021.10.06"]
[SourceVersion "1"]
[SourceVersionDate "2021.10.06"]
[SourceQuality "1"]

1. e4 c5 2. Nc3 d6 3. g3 Nf6 4. Bg2 Nc6 5. d3 e6 6. f4 d5 7. e5 Nd7 8. Nge2 f6 9. exf6 Nxf6 10. O-O Bd6 11. Kh1 O-O 12. d4 Bd7 13. Be3 b6 14. f5 Rc8 15. dxc5 Bxc5 16. Bxc5 bxc5 17. Nf4 exf5 18. Ncxd5 Ne5 19. Nxf6+ Qxf6 20. Qd5+ Kh8 21. Rae1 Rfe8 22. Rxe5 Qxe5 23. Qxd7 Rcd8 24. Qxa7 Rd2 25. Qa4 Red8 26. h4 Qe3 27. Kh2 h6 28. Qc4 Rd1 29. Ng6+ Kh7 30. Nf8+ Kh8 31. Rxf5 Qg1+ 32. Kh3 R1d2 33. Qe4 R8d4 34. Rf1 Rxe4 35. Rxg1 Ree2 36. Ng6+ Kg8 37. Nf4 Re7 38. Bd5+ Kh7 39. Rg2 Rd1 40. Nd3 Rh1+ 41. Kg4 c4 42. Nf4 g6 43. Re2 h5+ 44. Kf3 Rf1+ 45. Kg2 Rxe2+ 46. Nxe2 Rb1 47. Bxc4 Rxb2 48. Bd3 Rxa2 49. Nf4 Ra5 50. Bxg6+ Kg7 51. Bxh5 Kh6 52. Bg6 Rc5 53. Bd3 Rc3 54. g4 Rc8 55. g5+ Kg7 56. Kg3 Ra8 57. h5 Ra3 58. Kg4 Ra4 59. c4 Ra5 60. c5 Ra3 61. c6 Rc3 62. c7 Rc6 63. Be4 Rc4 64. Bf5 Rxc7 65. Ne6+ Kg8 66. Nxc7 Kg7 67. Ne6+ Kf7 68. h6 Kg8 69. g6 Kh8 70. Kg5 Kg8 71. Kf6 Kh8 72. g7+ Kg8 73. h7# 1-0

[Event "Scarborough CC Fall Swiss"]
[Site "Toronto CAN"]
[Date "2007.12.06"]
[Round "6"]
[White "Arfin, Sam"]
[Black "Paterson, Jim"]
[Result "1/2-1/2"]
[WhiteElo "1614"]
[BlackElo "1850"]
[PlyCount "88"]
[GameId "2160767910574561"]
[EventDate "2007.11.01"]
[EventType "swiss"]
[EventRounds "7"]
[EventCountry "CAN"]
[SourceTitle "EXT 2022"]
[Source "ChessBase"]
[SourceDate "2021.10.06"]
[SourceVersion "1"]
[SourceVersionDate "2021.10.06"]
[SourceQuality "1"]

1. e4 e6 2. d4 b6 3. Nf3 Bb7 4. Bd3 Nf6 5. e5 Ne4 6. O-O f5 7. Nc3 Nxc3 8. bxc3 Be7 9. Ne1 g6 10. f4 c5 11. Ba3 cxd4 12. Bxe7 Qxe7 13. cxd4 Nc6 14. Bb5 Qb4 15. Bxc6 Bxc6 16. Rb1 Qc4 17. Nf3 Rc8 18. Rf2 Be4 19. Rb2 Qd5 20. Ng5 Rc4 21. Rd2 h6 22. Nxe4 Qxe4 23. g3 Qd5 24. Rb3 O-O 25. Rdd3 Rfc8 26. c3 Ra4 27. Qd2 Rcc4 28. Qb2 Ra5 29. Ra3 Rca4 30. Rxa4 Rxa4 31. Rd2 Ra5 32. Qc2 Ra3 33. Qb2 Ra5 34. Qc2 Qf3 35. Rf2 Qe3 36. Qd2 Qe4 37. Qb2 Qd5 38. Rd2 Rb5 39. Qc2 Qc4 40. Rf2 a5 41. Qc1 Qd3 42. Rb2 Rxb2 43. Qxb2 b5 44. Qa3 Qd1+ 1/2-1/2

[Event "Scarborough CC Fall Swiss"]
[Site "Toronto CAN"]
[Date "2007.12.06"]
[Round "6"]
[White "Bellomo, Joe"]
[Black "Wu, Aaron"]
[Result "1-0"]
[WhiteElo "1723"]
[BlackElo "1675"]
[PlyCount "77"]
[GameId "2160767910574562"]
[EventDate "2007.11.01"]
[EventType "swiss"]
[EventRounds "7"]
[EventCountry "CAN"]
[SourceTitle "EXT 2022"]
[Source "ChessBase"]
[SourceDate "2021.10.06"]
[SourceVersion "1"]
[SourceVersionDate "2021.10.06"]
[SourceQuality "1"]

1. e4 c5 2. Nf3 d6 3. d4 cxd4 4. Nxd4 Nf6 5. Nc3 a6 6. Be2 e6 7. O-O b5 8. a3 Bb7 9. Bg5 Be7 10. Kh1 Nxe4 11. Bxe7 Qxe7 12. Nxe4 Bxe4 13. f4 O-O 14. Nf3 Nd7 15. Ng5 Bb7 16. Bd3 Nf6 17. Re1 h6 18. Nf3 Ng4 19. Qe2 Qc7 20. Nh4 Nf6 21. f5 e5 22. c3 e4 23. Bc2 d5 24. Rf1 Qc4 25. Qd1 e3 26. Qe1 Ng4 27. Nf3 e2 28. Rg1 Rfe8 29. Nd4 Qc7 30. g3 Qe5 31. Rg2 Ne3 32. Rxe2 Re7 33. Qd2 Rae8 34. Rae1 Kf8 35. Rxe3 Qxe3 36. Rxe3 Rxe3 37. Kg1 g6 38. Ne6+ R8xe6 39. fxe6 1-0

[Event "Scarborough CC Fall Swiss"]
[Site "Toronto CAN"]
[Date "2007.12.06"]
[Round "6"]
[White "Casareno, Erwin"]
[Black "Zeromskis, Egidijus"]
[Result "1-0"]
[WhiteElo "2003"]
[BlackElo "2100"]
[PlyCount "75"]
[GameId "2160767910574563"]
[EventDate "2007.11.01"]
[EventType "swiss"]
[EventRounds "7"]
[EventCountry "CAN"]
[SourceTitle "EXT 2022"]
[Source "ChessBase"]
[SourceDate "2021.10.06"]
[SourceVersion "1"]
[SourceVersionDate "2021.10.06"]
[SourceQuality "1"]

1. e4 Nf6 2. e5 Nd5 3. d4 d6 4. c4 Nb6 5. exd6 cxd6 6. Nc3 g6 7. Be3 Bg7 8. Qd2 O-O 9. Be2 Nc6 10. h4 d5 11. c5 Nc4 12. Bxc4 dxc4 13. d5 Ne5 14. h5 Bf5 15. h6 Bf6 16. f3 Qa5 17. Nge2 Nd3+ 18. Kf1 Nxc5 19. g4 Bd3 20. g5 Bxc3 21. bxc3 Nb3 22. axb3 Qxa1+ 23. Kg2 Qa6 24. Nf4 Rfd8 25. bxc4 Qxc4 26. Nxd3 Rxd5 27. Bd4 Rad8 28. Qe3 Qc7 29. Re1 e6 30. Ne5 Qe7 31. Qf4 b5 32. Ra1 b4 33. Rxa7 Rxd4 34. cxd4 Qxa7 35. Qf6 Qa2+ 36. Kh3 Qh2+ 37. Kxh2 Rxd4 38. Qg7# 1-0

[Event "Scarborough CC Fall Swiss"]
[Site "Toronto CAN"]
[Date "2007.12.06"]
[Round "6"]
[White "Deiseach, Donald"]
[Black "Ferreira, Alex"]
[Result "1-0"]
[WhiteElo "1921"]
[BlackElo "2023"]
[PlyCount "87"]
[GameId "2160767910574564"]
[EventDate "2007.11.01"]
[EventType "swiss"]
[EventRounds "7"]
[EventCountry "CAN"]
[SourceTitle "EXT 2022"]
[Source "ChessBase"]
[SourceDate "2021.10.06"]
[SourceVersion "1"]
[SourceVersionDate "2021.10.06"]
[SourceQuality "1"]

1. d4 d5 2. c4 e5 3. dxe5 d4 4. Nf3 Nc6 5. a3 a5 6. e3 Bg4 7. h3 Bxf3 8. Qxf3 Nge7 9. Qg3 Nf5 10. Qf3 Qd7 11. e4 Nfe7 12. Qg3 Ng6 13. f4 Be7 14. Qd3 O-O-O 15. Be2 h5 16. O-O Bc5 17. Kh1 Nh4 18. b4 axb4 19. axb4 Bxb4 20. Ra8+ Nb8 21. Na3 c6 22. Nc2 Be7 23. Bd2 g5 24. fxg5 Ng6 25. Rxf7 Qe6 26. Rf5 c5 27. Be1 Nxe5 28. Rxe5 Qxe5 29. Bg3 Qxg5 30. Rxb8+ Kd7 31. Rxb7+ Ke6 32. Rb6+ Kd7 33. e5 Rhg8 34. Qf3 Ke8 35. e6 Rg7 36. Bf4 Qf5 37. Bd3 Qf6 38. Qxh5+ Kf8 39. Qh8+ Rg8 40. Bh6+ Qxh6 41. Qxh6+ Rg7 42. Qh8+ Rg8 43. Qh5 Rg7 44. Rb7 1-0

[Event "Scarborough CC Fall Swiss"]
[Site "Toronto CAN"]
[Date "2007.12.06"]
[Round "6"]
[White "Douglas, Richard"]
[Black "Morra, Lui"]
[Result "0-1"]
[WhiteElo "1758"]
[BlackElo "1542"]
[PlyCount "97"]
[GameId "2160767910574565"]
[EventDate "2007.11.01"]
[EventType "swiss"]
[EventRounds "7"]
[EventCountry "CAN"]
[SourceTitle "EXT 2022"]
[Source "ChessBase"]
[SourceDate "2021.10.06"]
[SourceVersion "1"]
[SourceVersionDate "2021.10.06"]
[SourceQuality "1"]

1. e4 c5 2. Nc3 Nc6 3. f4 d6 4. Nf3 Nf6 5. Bb5 a6 6. Bxc6+ bxc6 7. O-O g6 8. e5 Ng4 9. h3 Nh6 10. d3 Bg7 11. exd6 Qxd6 12. Ne4 Qd5 13. c4 Qd8 14. Kh1 Nf5 15. g4 Nd4 16. Nxc5 Rb8 17. Nxd4 Bxd4 18. Nb3 Bg7 19. Qe2 O-O 20. Be3 Re8 21. d4 e6 22. Rad1 Qh4 23. Qf3 c5 24. Bf2 Qe7 25. dxc5 e5 26. Rfe1 e4 27. Qe3 a5 28. Nxa5 Rxb2 29. Rd2 Qc7 30. Nb3 Bb7 31. Rxb2 Bxb2 32. Rd1 Ba6 33. Nd2 Rd8 34. Rb1 Bd4 35. Qe2 Qxf4 36. Bxd4 Rxd4 37. Rb2 Rd3 38. Qg2 e3 39. Qa8+ Kg7 40. Rb8 exd2 41. Rg8+ Kh6 42. Qf8+ Kg5 43. Qe7+ f6 44. h4+ Kxh4 45. Qxh7+ Kxg4 46. Qxg6+ Qg5 47. Qe4+ Kh3 48. Qxd3+ Kh4 49. Rxg5 0-1

[Event "Scarborough CC Fall Swiss"]
[Site "Toronto CAN"]
[Date "2007.12.06"]
[Round "6"]
[White "Fan, Yibing"]
[Black "Kurkowski, Ken"]
[Result "1-0"]
[WhiteElo "1866"]
[BlackElo "1758"]
[PlyCount "53"]
[GameId "2160767910574566"]
[EventDate "2007.11.01"]
[EventType "swiss"]
[EventRounds "7"]
[EventCountry "CAN"]
[SourceTitle "EXT 2022"]
[Source "ChessBase"]
[SourceDate "2021.10.06"]
[SourceVersion "1"]
[SourceVersionDate "2021.10.06"]
[SourceQuality "1"]

1. d4 Nf6 2. c4 g6 3. Nc3 Bg7 4. e4 d6 5. Nge2 O-O 6. Ng3 Nbd7 7. Be2 e5 8. d5 a5 9. h4 h5 10. Bg5 Nc5 11. Bxh5 gxh5 12. Nxh5 Kh7 13. Nxf6+ Bxf6 14. Qh5+ Kg8 15. O-O-O Bd7 16. Rdg1 Nd3+ 17. Kc2 Nxf2 18. Rf1 Ng4 19. Bxf6 Nxf6 20. Qg5+ Kh7 21. Rxf6 Qxf6 22. Qxf6 Rg8 23. Rg1 Rg7 24. g4 Bxg4 25. Rxg4 Rxg4 26. Qf5+ Rg6 27. h5 1-0

[Event "Scarborough CC Fall Swiss"]
[Site "Toronto CAN"]
[Date "2007.12.06"]
[Round "6"]
[White "Manalo, Pepin"]
[Black "Armstrong, Robert J"]
[Result "0-1"]
[WhiteElo "1837"]
[BlackElo "1818"]
[PlyCount "96"]
[GameId "2160767910574567"]
[EventDate "2007.11.01"]
[EventType "swiss"]
[EventRounds "7"]
[EventCountry "CAN"]
[SourceTitle "EXT 2022"]
[Source "ChessBase"]
[SourceDate "2021.10.06"]
[SourceVersion "1"]
[SourceVersionDate "2021.10.06"]
[SourceQuality "1"]

1. e4 g6 2. d4 Bg7 3. f4 d6 4. Nf3 Nf6 5. Bd3 O-O 6. Be3 Ng4 7. Bg1 Nd7 8. h3 Ngf6 9. Be3 c5 10. c3 Qc7 11. Nbd2 a6 12. O-O b5 13. Rc1 c4 14. Bb1 Bb7 15. Qe1 h6 16. Qh4 Rae8 17. f5 g5 18. Qf2 e6 19. e5 exf5 20. exf6 Nxf6 21. Nxg5 hxg5 22. Bxg5 Ne4 23. Qxf5 Nxg5 24. Qxg5 Re2 25. Rf2 Rfe8 26. Rcf1 Rxf2 27. Rxf2 Re1+ 28. Rf1 Re2 29. d5 Qc5+ 30. Kh1 Qxd5 31. Qxd5 Bxd5 32. Nf3 Rxb2 33. Kg1 Bxc3 34. Rd1 Bb7 35. a4 Bb4 36. axb5 axb5 37. Bf5 Bc5+ 38. Kh1 c3 39. Ne1 b4 40. Rd3 Bf2 41. Rd1 Bxe1 42. Rxe1 Rxg2 43. Be4 Bxe4 44. Rxe4 Rd2 45. Rxb4 c2 46. Rc4 Rd1+ 47. Kg2 c1=Q 48. Rxc1 Rxc1 0-1

[Event "Scarborough CC Fall Swiss"]
[Site "Toronto CAN"]
[Date "2007.12.06"]
[Round "6"]
[White "Mesiti, Silvano"]
[Black "London, John"]
[Result "1/2-1/2"]
[WhiteElo "1742"]
[BlackElo "1851"]
[PlyCount "80"]
[GameId "2160767910574568"]
[EventDate "2007.11.01"]
[EventType "swiss"]
[EventRounds "7"]
[EventCountry "CAN"]
[SourceTitle "EXT 2022"]
[Source "ChessBase"]
[SourceDate "2021.10.06"]
[SourceVersion "1"]
[SourceVersionDate "2021.10.06"]
[SourceQuality "1"]

1. e4 c5 2. Nf3 Nc6 3. d4 cxd4 4. Nxd4 g6 5. c3 Bg7 6. Be3 Nf6 7. f3 O-O 8. Bc4 d5 9. exd5 Nxd5 10. Nxc6 bxc6 11. Bd4 e5 12. Bf2 Qg5 13. Bxd5 cxd5 14. O-O Be6 15. Nd2 h5 16. Kh1 Rfd8 17. Qe1 Rd7 18. Nb3 Rb8 19. Bh4 Qf5 20. Bg3 Rc8 21. Rd1 d4 22. cxd4 exd4 23. Rc1 Rc2 24. Rxc2 Qxc2 25. Rf2 Qc4 26. Rd2 Qb4 27. Qd1 Bxb3 28. axb3 Bf6 29. Bf2 h4 30. h3 Re7 31. Kg1 a6 32. Kf1 Qb5+ 33. Kg1 Rb7 34. Rd3 Qb4 35. Be1 Qb5 36. Bf2 Rc7 37. Qd2 Rc1+ 38. Kh2 Qe5+ 39. f4 Qe4 40. Qxc1 Qxd3 1/2-1/2